[Event "ODJM C 2019"]
[Site "Willingen GER"]
[Date "2019.06.09"]
[Round "1"]
[White "Laux, Filip"]
[Black "Färber, Sophie"]
[Result "0-1"]
[Termination "normal"]
[Board "1"]
[WhiteElo "1155"]
[BlackElo "1409"]
[WhiteClock "01:41:50"]
[BlackClock "00:22:57"]
[PlyCount "124"]
[WhiteFideId "16275730"]
[BlackFideId "16239121"]
[EventCountry "GER"]
[EventRounds "9"]
[EventType "swiss"]
[EventDate "2019.06.08"]

1. e4 {[%clk 1:30:58]} 1... e5 {[%clk 1:30:53]} 2. Nf3 {[%clk 1:31:21]} 2...
Nc6 {[%clk 1:31:18]} 3. Bc4 {[%clk 1:31:44]} 3... Bc5 {[%clk 1:31:45]} 4. c3 {
[%clk 1:32:02]} 4... Nf6 {[%clk 1:32:12]} 5. d3 {[%clk 1:32:22]} 5... d6 {
[%clk 1:31:11]} 6. Nbd2 {[%clk 1:32:34]} 6... a6 {[%clk 1:28:37]} 7. Bb3 {
[%clk 1:32:14]} 7... O-O {[%clk 1:27:20]} 8. O-O {[%clk 1:32:01]} 8... Ba7 {
[%clk 1:24:52]} 9. Re1 {[%clk 1:30:35]} 9... Re8 {[%clk 1:06:29]} 10. Nf1 {
[%clk 1:29:12]} 10... Ne7 {[%clk 0:59:55]} 11. Ng3 {[%clk 1:29:08]} 11... Ng6 {
[%clk 0:58:48]} 12. d4 {[%clk 1:25:57]} 12... exd4 {[%clk 0:58:19]} 13. cxd4 {
[%clk 1:26:15]} 13... Bg4 {[%clk 0:58:36]} 14. d5 {[%clk 1:23:56]} 14... Ne5 {
[%clk 0:55:37]} 15. Bf4 {[%clk 1:22:45]} 15... Bxf3 {[%clk 0:53:20]} 16. gxf3 {
[%clk 1:22:59]} 16... Ng6 {[%clk 0:47:37]} 17. Qd2 {[%clk 1:22:06]} 17... h6 {
[%clk 0:40:41]} 18. Nf5 {[%clk 1:22:08]} 18... Nxf4 {[%clk 0:38:46]} 19. Qxf4 {
[%clk 1:22:23]} 19... Nh7 {[%clk 0:36:53]} 20. Qg3 {[%clk 1:22:06]} 20... Qg5 {
[%clk 0:36:17]} 21. Qxg5 {[%clk 1:21:50]} 21... Nxg5 {[%clk 0:35:01]} 22. Kg2 {
[%clk 1:21:30]} 22... Kh7 {[%clk 0:33:20]} 23. Bc2 {[%clk 1:20:46]} 23... g6
24. Ng3 {[%clk 1:20:23]} 24... f6 {[%clk 0:30:24]} 25. f4 {[%clk 1:19:39]}
25... Nf7 {[%clk 0:29:03]} 26. f5 {[%clk 1:18:23]} 26... gxf5 {[%clk 0:27:58]}
27. Nxf5 {[%clk 1:18:37]} 27... Rg8+ {[%clk 0:28:09]} 28. Kh1 {[%clk 1:18:31]}
28... Ne5 {[%clk 0:24:38]} 29. f4 {[%clk 1:17:33]} 29... Ng6 {[%clk 0:16:52]}
30. Rf1 {[%clk 1:17:35]} 30... Rae8 {[%clk 0:16:24]} 31. Bd3 {[%clk 1:16:21]}
31... Ne7 {[%clk 0:14:32]} 32. Ng3 {[%clk 1:15:58]} 32... Kh8 {[%clk 0:13:27]}
33. Rac1 {[%clk 1:15:48]} 33... Rc8 {[%clk 0:13:12]} 34. Nh5 {[%clk 1:15:41]}
34... Ng6 {[%clk 0:10:54]} 35. Nxf6 {[%clk 1:15:38]} 35... Rgf8 {[%clk 0:11:18]
} 36. Nh5 {[%clk 1:14:47]} 36... Be3 {[%clk 0:11:21]} 37. Rce1 {[%clk 1:14:35]}
37... Bxf4 {[%clk 0:10:45]} 38. Nxf4 {[%clk 1:14:03]} 38... Nxf4 { [%clk
0:09:14]} 39. Bc2 {[%clk 1:13:51]} 39... Ng6 {[%clk 0:08:45]} 40. Rg1 { [%clk
1:13:51]} 40... Ne5 {[%clk 0:07:11]} 41. Rg3 {[%clk 1:12:55]} 41... Rf2 { [%clk
0:06:18]} 42. Rg2 {[%clk 1:12:17]} 42... Rcf8 {[%clk 0:05:31]} 43. Bb3 { [%clk
1:11:11]} 43... Nd3 {[%clk 0:30:28]} 44. Rb1 {[%clk 1:39:26]} 44... Rf1+ {[%clk
0:27:21]} 45. Rg1 {[%clk 1:38:36]} 45... Nf2+ {[%clk 0:26:25]} 46. Kg2 { [%clk
1:38:48]} 46... Rxg1+ {[%clk 0:26:51]} 47. Rxg1 {[%clk 1:39:07]} 47... Nxe4
{[%clk 0:27:13]} 48. Re1 {[%clk 1:39:02]} 48... Rg8+ {[%clk 0:26:17]} 49. Kf1
{[%clk 1:38:57]} 49... Nd2+ {[%clk 0:26:07]} 50. Ke2 {[%clk 1:39:01]} 50...
Nxb3 {[%clk 0:26:25]} 51. axb3 {[%clk 1:39:22]} 51... Re8+ {[%clk 0:26:27]} 52.
Kd2 {[%clk 1:39:38]} 52... Rxe1 {[%clk 0:26:47]} 53. Kxe1 {[%clk 1:40:01]}
53... Kg7 {[%clk 0:27:14]} 54. Kf2 {[%clk 1:40:19]} 54... Kf6 {[%clk 0:27:36]}
55. Kf3 {[%clk 1:40:28]} 55... Kf5 {[%clk 0:21:36]} 56. h3 {[%clk 1:40:07]}
56... Ke5 {[%clk 0:21:42]} 57. Kg4 {[%clk 1:40:20]} 57... Kxd5 {[%clk 0:22:05]}
58. Kh5 {[%clk 1:40:29]} 58... Ke5 {[%clk 0:22:20]} 59. Kxh6 {[%clk 1:40:41]}
59... d5 {[%clk 0:22:04]} 60. Kg5 {[%clk 1:41:02]} 60... d4 {[%clk 0:22:11]}
61. h4 {[%clk 1:41:24]} 61... d3 {[%clk 0:22:29]} 62. h5 {[%clk 1:41:50]} 62...
d2 {[%clk 0:22:57]} 0-1

[Event "ODJM C 2019"]
[Site "Willingen GER"]
[Date "2019.06.09"]
[Round "1"]
[White "Fink, Anton"]
[Black "Grunert, Heinrich"]
[Result "1-0"]
[Termination "normal"]
[Board "2"]
[WhiteElo "1478"]
[BlackElo "1211"]
[WhiteClock "01:24:17"]
[BlackClock "01:11:15"]
[PlyCount "41"]
[WhiteFideId "16235703"]
[BlackFideId "16213416"]
[EventCountry "GER"]
[EventRounds "9"]
[EventType "swiss"]
[EventDate "2019.06.08"]

1. e4 {[%clk 1:30:56]} 1... e5 {[%clk 1:30:54]} 2. Nf3 {[%clk 1:31:24]} 2...
Nc6 {[%clk 1:31:09]} 3. Bc4 {[%clk 1:31:50]} 3... Bc5 {[%clk 1:31:32]} 4. d3 {
[%clk 1:32:05]} 4... Nf6 {[%clk 1:31:52]} 5. Nc3 {[%clk 1:32:14]} 5... O-O {
[%clk 1:32:09]} 6. Bg5 {[%clk 1:32:40]} 6... d6 {[%clk 1:32:05]} 7. Nd5 { [%clk
1:32:55]} 7... Bg4 {[%clk 1:28:01]} 8. Bxf6 {[%clk 1:31:33]} 8... gxf6 { [%clk
1:28:13]} 9. h3 {[%clk 1:31:52]} 9... Bh5 {[%clk 1:27:28]} 10. g4 { [%clk
1:30:30]} 10... Bg6 {[%clk 1:27:40]} 11. h4 {[%clk 1:30:30]} 11... h6 { [%clk
1:25:27]} 12. Qd2 {[%clk 1:29:07]} 12... Kg7 {[%clk 1:21:16]} 13. O-O-O { [%clk
1:27:44]} 13... h5 {[%clk 1:11:14]} 14. gxh5 {[%clk 1:25:10]} 14... Bxh5 {[%clk
1:11:30]} 15. Rdg1+ {[%clk 1:24:48]} 15... Kh7 {[%clk 1:11:12]} 16. Rh3 {[%clk
1:24:29]} 16... Rg8 {[%clk 1:10:40]} 17. Rxg8 {[%clk 1:23:38]} 17... Qxg8
{[%clk 1:11:00]} 18. Nxf6+ {[%clk 1:23:52]} 18... Kg7 {[%clk 1:10:44]} 19. Nxg8
{[%clk 1:24:08]} 19... Kxg8 {[%clk 1:10:55]} 20. Qg5+ {[%clk 1:24:09]} 20...
Kf8 {[%clk 1:11:15]} 21. Qxh5 {[%clk 1:24:17]} 1-0

[Event "ODJM C 2019"]
[Site "Willingen GER"]
[Date "2019.06.09"]
[Round "1"]
[White "Barthel, Sascha"]
[Black "Grimm, Nicola Marie"]
[Result "0-1"]
[Termination "normal"]
[Board "3"]
[WhiteElo "1297"]
[BlackElo "1459"]
[WhiteClock "00:30:28"]
[BlackClock "00:45:06"]
[PlyCount "61"]
[WhiteFideId "16280369"]
[BlackFideId "12988987"]
[EventCountry "GER"]
[EventRounds "9"]
[EventType "swiss"]
[EventDate "2019.06.08"]

1. e4 {[%clk 1:30:49]} 1... d5 {[%clk 1:30:53]} 2. Qf3 {[%clk 1:23:17]} 2...
dxe4 {[%clk 1:27:59]} 3. Qxe4 {[%clk 1:21:35]} 3... Nf6 {[%clk 1:26:43]} 4. Qd3
{[%clk 1:16:28]} 4... Qxd3 {[%clk 1:23:27]} 5. Bxd3 {[%clk 1:16:37]} 5... c6 {
[%clk 1:22:57]} 6. Nf3 {[%clk 1:15:28]} 6... Bg4 {[%clk 1:21:09]} 7. Ne5 {
[%clk 1:11:32]} 7... Bh5 {[%clk 1:20:20]} 8. O-O {[%clk 1:09:41]} 8... e6 {
[%clk 1:19:26]} 9. c4 {[%clk 1:08:02]} 9... Bd6 {[%clk 1:17:39]} 10. Nf3 {
[%clk 1:05:45]} 10... Bxf3 {[%clk 1:16:36]} 11. gxf3 {[%clk 1:05:46]} 11... g5
{[%clk 1:14:22]} 12. Nc3 {[%clk 1:00:40]} 12... g4 {[%clk 1:11:30]} 13. Be2 {
[%clk 1:00:07]} 13... Rg8 {[%clk 1:10:28]} 14. fxg4 {[%clk 0:58:55]} 14... Nxg4
{[%clk 1:10:26]} 15. Bxg4 {[%clk 0:59:06]} 15... Rxg4+ {[%clk 1:10:47]} 16. Kh1
{[%clk 0:59:31]} 16... Rxc4 {[%clk 1:10:02]} 17. d3 {[%clk 0:58:47]} 17... Rh4
{[%clk 1:10:01]} 18. f4 {[%clk 0:56:56]} 18... Nd7 {[%clk 1:02:10]} 19. Bd2 {
[%clk 0:52:10]} 19... Rh3 {[%clk 1:00:24]} 20. d4 {[%clk 0:50:38]} 20... Rd3 {
[%clk 0:58:59]} 21. Rad1 {[%clk 0:48:07]} 21... Rxd4 {[%clk 0:55:10]} 22. Ne2 {
[%clk 0:44:12]} 22... Rd5 {[%clk 0:54:02]} 23. Rg1 {[%clk 0:43:03]} 23... Nf6 {
[%clk 0:52:54]} 24. Rgf1 {[%clk 0:36:56]} 24... O-O-O {[%clk 0:51:33]} 25. Rg1
{[%clk 0:30:44]} 25... Bc5 {[%clk 0:50:15]} 26. Nc3 {[%clk 0:21:30]} 26... Rxd2
{[%clk 0:49:46]} 27. Rxd2 {[%clk 0:08:12]} 27... Rxd2 {[%clk 0:50:05]} 28. Rg3
{[%clk 0:02:01]} 28... Rxb2 {[%clk 0:48:11]} 29. Na4 {[%clk 0:00:35]} 29...
Rb1+ {[%clk 0:47:01]} 30. Kg2 {[%clk 0:00:31]} 30... Bd6 {[%clk 0:45:06]} 31.
h4 {[%clk 0:30:28]} 0-1

[Event "ODJM C 2019"]
[Site "Willingen GER"]
[Date "2019.06.09"]
[Round "1"]
[White "Racky, Selina"]
[Black "Schilay, Vinzenz"]
[Result "0-1"]
[Termination "normal"]
[Board "4"]
[WhiteElo "1037"]
[BlackElo "1111"]
[WhiteClock "01:08:30"]
[BlackClock "00:25:43"]
[PlyCount "66"]
[WhiteFideId "16239440"]
[BlackFideId "12983209"]
[EventCountry "GER"]
[EventRounds "9"]
[EventType "swiss"]
[EventDate "2019.06.08"]

1. e4 {[%clk 1:30:59]} 1... e5 {[%clk 1:30:53]} 2. Nf3 {[%clk 1:31:23]} 2...
Nc6 {[%clk 1:31:19]} 3. Bc4 {[%clk 1:31:28]} 3... Be7 {[%clk 1:31:37]} 4. d3 {
[%clk 1:31:32]} 4... Nf6 {[%clk 1:31:57]} 5. Be3 {[%clk 1:31:23]} 5... d6 {
[%clk 1:31:47]} 6. h3 {[%clk 1:31:37]} 6... Be6 {[%clk 1:31:22]} 7. Bb3 { [%clk
1:31:41]} 7... Qd7 {[%clk 1:31:29]} 8. Nc3 {[%clk 1:30:40]} 8... O-O { [%clk
1:31:40]} 9. Qd2 {[%clk 1:29:40]} 9... h6 {[%clk 1:31:55]} 10. Ne2 { [%clk
1:27:45]} 10... Nh7 {[%clk 1:32:02]} 11. c3 {[%clk 1:27:27]} 11... f5 { [%clk
1:31:22]} 12. exf5 {[%clk 1:25:39]} 12... Rxf5 {[%clk 1:30:42]} 13. Bc2 { [%clk
1:24:47]} 13... Rf7 {[%clk 1:29:53]} 14. g4 {[%clk 1:24:03]} 14... Rxf3 { [%clk
1:29:59]} 15. d4 {[%clk 1:24:11]} 15... Bd5 {[%clk 1:22:44]} 16. Rh2 { [%clk
1:21:27]} 16... Rf7 {[%clk 1:20:55]} 17. Bxh7+ {[%clk 1:19:59]} 17... Kxh7
{[%clk 1:20:54]} 18. Qc2+ {[%clk 1:20:23]} 18... Kg8 {[%clk 1:17:05]} 19. c4
{[%clk 1:20:36]} 19... Bf3 {[%clk 1:06:09]} 20. Ng1 {[%clk 1:20:32]} 20... exd4
{[%clk 1:03:33]} 21. Bd2 {[%clk 1:19:29]} 21... Qe6+ {[%clk 1:00:21]} 22. Kf1
{[%clk 1:19:06]} 22... Qe5 {[%clk 0:58:50]} 23. Nxf3 {[%clk 1:19:10]} 23...
Rxf3 {[%clk 0:56:24]} 24. Kg2 {[%clk 1:18:50]} 24... Rf7 {[%clk 0:52:04]} 25.
h4 {[%clk 1:15:33]} 25... Raf8 {[%clk 0:45:30]} 26. f4 {[%clk 1:14:13]} 26...
Qe6 {[%clk 0:39:25]} 27. f5 {[%clk 1:12:30]} 27... Qe5 {[%clk 0:37:03]} 28. Re1
{[%clk 1:12:03]} 28... Qc5 {[%clk 0:35:25]} 29. Rf1 {[%clk 1:10:48]} 29... Ne5
{[%clk 0:34:52]} 30. g5 {[%clk 1:09:04]} 30... d3 {[%clk 0:33:43]} 31. Qc1 {
[%clk 1:08:30]} 31... Rxf5 {[%clk 0:25:49]} 32. Rxf5 {[%clk 1:08:15]} 32...
Rxf5 {[%clk 0:26:12]} 33. Be3 {[%clk 1:08:30]} 33... Qc6+ {[%clk 0:25:43]} 0-1

[Event "ODJM C 2019"]
[Site "Willingen GER"]
[Date "2019.06.09"]
[Round "1"]
[White "Gerdes, Jesko"]
[Black "Hapke, Marvin"]
[Result "1-0"]
[Termination "normal"]
[Board "5"]
[WhiteElo "1106"]
[BlackElo "1187"]
[WhiteClock "01:16:50"]
[BlackClock "01:21:28"]
[PlyCount "39"]
[WhiteFideId "16273699"]
[BlackFideId "12996580"]
[EventCountry "GER"]
[EventRounds "9"]
[EventType "swiss"]
[EventDate "2019.06.08"]

1. e4 {[%clk 1:30:53]} 1... d5 {[%clk 1:30:49]} 2. exd5 {[%clk 1:31:13]} 2...
Nf6 {[%clk 1:31:14]} 3. Nc3 {[%clk 1:31:19]} 3... Nxd5 {[%clk 1:31:35]} 4. Nxd5
{[%clk 1:31:41]} 4... Qxd5 {[%clk 1:31:56]} 5. Nf3 {[%clk 1:31:47]} 5... e5 {
[%clk 1:32:09]} 6. d3 {[%clk 1:31:45]} 6... Nc6 {[%clk 1:32:29]} 7. Be2 { [%clk
1:31:50]} 7... Be6 {[%clk 1:32:14]} 8. O-O {[%clk 1:31:57]} 8... O-O-O { [%clk
1:32:05]} 9. c4 {[%clk 1:32:18]} 9... Qd6 {[%clk 1:31:35]} 10. Qc2 { [%clk
1:31:48]} 10... f6 {[%clk 1:31:20]} 11. Be3 {[%clk 1:30:59]} 11... g5 { [%clk
1:30:57]} 12. Rad1 {[%clk 1:28:46]} 12... g4 {[%clk 1:30:17]} 13. Nh4 { [%clk
1:28:53]} 13... g3 {[%clk 1:28:26]} 14. fxg3 {[%clk 1:27:59]} 14... Rg8 { [%clk
1:25:21]} 15. Rxf6 {[%clk 1:26:32]} 15... Be7 {[%clk 1:25:10]} 16. Nf5 { [%clk
1:26:23]} 16... Qd7 {[%clk 1:24:36]} 17. Nxe7+ {[%clk 1:24:06]} 17... Qxe7
{[%clk 1:24:18]} 18. Rff1 {[%clk 1:22:58]} 18... Rg6 {[%clk 1:22:28]} 19. Bh5
{[%clk 1:16:38]} 19... Rh6 {[%clk 1:21:28]} 20. Bxh6 {[%clk 1:16:50]} 1-0

[Event "ODJM C 2019"]
[Site "Willingen GER"]
[Date "2019.06.09"]
[Round "1"]
[White "Reyher, Bastian"]
[Black "Margaryan, Harut"]
[Result "0-1"]
[Termination "normal"]
[Board "6"]
[WhiteElo "1137"]
[BlackElo "1089"]
[WhiteClock "00:20:20"]
[BlackClock "00:51:14"]
[PlyCount "108"]
[WhiteFideId "12927465"]
[BlackFideId "16268202"]
[EventCountry "GER"]
[EventRounds "9"]
[EventType "swiss"]
[EventDate "2019.06.08"]

1. e4 {[%clk 1:30:52]} 1... c5 {[%clk 1:30:54]} 2. Nf3 {[%clk 1:31:04]} 2... e6
{[%clk 1:31:11]} 3. d4 {[%clk 1:30:29]} 3... cxd4 {[%clk 1:31:36]} 4. Nxd4 {
[%clk 1:30:50]} 4... a6 {[%clk 1:32:03]} 5. Nc3 {[%clk 1:30:48]} 5... Qc7 {
[%clk 1:32:27]} 6. Be3 {[%clk 1:30:52]} 6... Bb4 {[%clk 1:32:51]} 7. Qd2 {
[%clk 1:30:42]} 7... Nf6 {[%clk 1:33:11]} 8. Bd3 {[%clk 1:30:05]} 8... d5 {
[%clk 1:33:34]} 9. f3 {[%clk 1:28:48]} 9... O-O {[%clk 1:31:56]} 10. O-O {
[%clk 1:28:51]} 10... b5 {[%clk 1:32:12]} 11. a3 {[%clk 1:28:30]} 11... Ba5 {
[%clk 1:32:08]} 12. b4 {[%clk 1:28:02]} 12... Bb6 {[%clk 1:32:33]} 13. Nce2 {
[%clk 1:24:15]} 13... e5 {[%clk 1:30:21]} 14. Nb3 {[%clk 1:23:19]} 14... Bxe3+
{[%clk 1:30:28]} 15. Qxe3 {[%clk 1:23:08]} 15... d4 {[%clk 1:29:44]} 16. Qd2 {
[%clk 1:22:55]} 16... Nbd7 {[%clk 1:27:15]} 17. f4 {[%clk 1:22:05]} 17... Re8 {
[%clk 1:22:42]} 18. Ng3 {[%clk 1:17:37]} 18... Bb7 {[%clk 1:20:25]} 19. Rae1 {
[%clk 1:14:56]} 19... Rad8 {[%clk 1:17:05]} 20. Rc1 {[%clk 1:12:06]} 20... Qb6
{[%clk 1:09:00]} 21. Qf2 {[%clk 1:10:33]} 21... h6 {[%clk 0:59:21]} 22. c3 {
[%clk 1:03:03]} 22... dxc3 {[%clk 0:59:28]} 23. Qxb6 {[%clk 1:02:42]} 23...
Nxb6 {[%clk 0:59:45]} 24. Rxc3 {[%clk 1:02:19]} 24... Na4 {[%clk 0:59:50]} 25.
Rc7 {[%clk 1:00:34]} 25... Rxd3 {[%clk 0:58:53]} 26. Nc1 {[%clk 0:51:00]} 26...
Rd7 {[%clk 0:57:43]} 27. Rc2 {[%clk 0:46:10]} 27... exf4 {[%clk 0:55:48]} 28.
Rxf4 {[%clk 0:45:54]} 28... Nxe4 {[%clk 0:54:44]} 29. Re2 {[%clk 0:44:54]}
29... Rd1+ {[%clk 0:54:42]} 30. Nf1 {[%clk 0:43:53]} 30... Rxc1 {[%clk 0:54:34]
} 31. h3 {[%clk 0:43:12]} 31... Nac3 {[%clk 0:54:08]} 32. Re3 {[%clk 0:39:58]}
32... Rd8 {[%clk 0:52:37]} 33. Kh2 {[%clk 0:37:33]} 33... Rdd1 {[%clk 0:52:21]}
34. Ng3 {[%clk 0:36:37]} 34... Nxg3 {[%clk 0:52:37]} 35. Re8+ {[%clk 0:37:03]}
35... Kh7 {[%clk 0:52:43]} 36. Kxg3 {[%clk 0:36:18]} 36... Re1 {[%clk 0:52:45]}
37. Rxe1 {[%clk 0:32:59]} 37... Rxe1 {[%clk 0:53:07]} 38. Rxf7 {[%clk 0:33:26]}
38... Bd5 {[%clk 0:48:41]} 39. Rc7 {[%clk 0:30:04]} 39... Na4 {[%clk 0:48:29]}
40. Rc2 {[%clk 0:26:50]} 40... Re3+ {[%clk 0:48:30]} 41. Kf2 {[%clk 0:25:44]}
41... Rxa3 {[%clk 0:48:41]} 42. Rd2 {[%clk 0:24:57]} 42... Ra2 {[%clk 0:49:00]}
43. Rxa2 {[%clk 0:24:04]} 43... Bxa2 {[%clk 0:49:26]} 44. g3 {[%clk 0:24:19]}
44... Nb2 {[%clk 0:49:41]} 45. Ke3 {[%clk 0:24:27]} 45... Be6 {[%clk 0:49:22]}
46. h4 {[%clk 0:24:36]} 46... Nc4+ {[%clk 0:49:45]} 47. Kd4 {[%clk 0:24:44]}
47... a5 {[%clk 0:50:02]} 48. bxa5 {[%clk 0:24:09]} 48... Nxa5 {[%clk 0:50:26]}
49. Kc5 {[%clk 0:24:32]} 49... Bc4 {[%clk 0:50:45]} 50. Kb4 {[%clk 0:24:35]}
50... Nc6+ {[%clk 0:50:58]} 51. Kc5 {[%clk 0:24:04]} 51... Ne7 {[%clk 0:51:20]}
52. g4 {[%clk 0:24:03]} 52... Nd5 {[%clk 0:51:29]} 53. Kd4 {[%clk 0:22:44]}
53... Nf6 {[%clk 0:51:47]} 54. g5 {[%clk 0:20:20]} 54... hxg5 {[%clk 0:51:14]}
0-1

[Event "ODJM C 2019"]
[Site "Willingen GER"]
[Date "2019.06.09"]
[Round "1"]
[White "Tenbosch, Till Theo"]
[Black "Wechtenbruch, Jamie"]
[Result "1/2-1/2"]
[Termination "normal"]
[Board "7"]
[WhiteElo "1085"]
[BlackElo "1371"]
[PlyCount "51"]
[WhiteFideId "16255461"]
[BlackFideId "16267737"]
[EventCountry "GER"]
[EventRounds "9"]
[EventType "swiss"]
[EventDate "2019.06.08"]

1. d4 d5 2. Bf4 Nc6 3. e3 Nf6 4. Nf3 Bg4 5. c4 e6 6. Qb3 Bb4+ 7. Nc3 Bxf3 8.
gxf3 Qe7 9. Rg1 O-O-O 10. c5 e5 11. Bxe5 Bxc3+ 12. bxc3 Nxe5 13. dxe5 Qxe5 14.
Rb1 b6 15. Bh3+ Kb8 16. cxb6 cxb6 17. Rxg7 Rhf8 18. f4 Qe7 19. Qb2 Rd6 20. Qb4
Nh5 21. Rg5 Nf6 22. Rd1 Qc7 23. Rf5 Rfd8 24. Qd4 Ne4 25. Rc1 Rg8 26. Ke2
1/2-1/2

[Event "ODJM C 2019"]
[Site "Willingen GER"]
[Date "2019.06.09"]
[Round "1"]
[White "Welker, Alexandra"]
[Black "Keuper, David"]
[Result "1-0"]
[Termination "normal"]
[Board "8"]
[WhiteElo "1342"]
[BlackElo "1075"]
[PlyCount "85"]
[WhiteFideId "16265360"]
[BlackFideId "16287568"]
[EventCountry "GER"]
[EventRounds "9"]
[EventType "swiss"]
[EventDate "2019.06.08"]

1. e4 e5 2. Nf3 Nc6 3. Bc4 Bc5 4. c3 d6 5. d4 exd4 6. cxd4 Bb4+ 7. Nc3 Bg4 8.
O-O Nf6 9. Bb5 O-O 10. Bxc6 bxc6 11. Re1 Bxc3 12. bxc3 Re8 13. Qd3 h6 14. e5
Bxf3 15. Qxf3 d5 16. Bxh6 Qe7 17. Bg5 Qe6 18. Bxf6 gxf6 19. Qxf6 Qd7 20. Re3
Qe6 21. Qg5+ Qg6 22. Qxg6+ fxg6 23. f4 Kg7 24. Rb1 a5 25. Rb7 Re7 26. a4 Ra6
27. Kf2 Rf7 28. Kg3 c5 29. dxc5 c6 30. Rxf7+ Kxf7 31. Kg4 Ra8 32. Kg5 Rb8 33.
f5 gxf5 34. Kxf5 Rb2 35. e6+ Ke7 36. Rg3 Re2 37. Rg7+ Kf8 38. Rg5 Re4 39. Kf6
Rxa4 40. e7+ Ke8 41. Rg8+ Kd7 42. e8=Q+ Kc7 43. Qe7# 1-0

[Event "ODJM C 2019"]
[Site "Willingen GER"]
[Date "2019.06.09"]
[Round "1"]
[White "Wilmink, Luca"]
[Black "Strübel, Tobias"]
[Result "0-1"]
[Termination "normal"]
[Board "9"]
[WhiteElo "1283"]
[BlackElo "1337"]
[PlyCount "140"]
[WhiteFideId "16245253"]
[BlackFideId "16284860"]
[EventCountry "GER"]
[EventRounds "9"]
[EventType "swiss"]
[EventDate "2019.06.08"]

1. e4 e5 2. Nf3 Nc6 3. d4 exd4 4. Bc4 Nf6 5. O-O Be7 6. Re1 d5 7. exd5 Nxd5 8.
Nxd4 Ndb4 9. Nxc6 Qxd1 10. Rxd1 bxc6 11. Bb3 Bf5 12. c3 Nc2 13. Bxc2 Bxc2 14.
Re1 Rd8 15. Bf4 Rd7 16. Na3 Bg6 17. Nc4 f6 18. Na5 c5 19. Nc6 Kf7 20. Nxa7 Ra8
21. Nb5 c6 22. Na3 Bd3 23. Red1 g5 24. Be3 c4 25. Nxc4 Rad8 26. b3 Bc2 27. Rd2
Rxd2 28. Nxd2 Ba3 29. Nc4 Be7 30. Rc1 h5 31. f3 Rd1+ 32. Rxd1 Bxd1 33. Kf2 Bc2
34. Ke2 Bb1 35. a4 Bc2 36. Na5 c5 37. Kd2 Bf5 38. Nc6 Bd6 39. b4 cxb4 40. cxb4
Bd7 41. b5 Bc7 42. Kc3 Ke6 43. Kc4 Kd6 44. Bc5+ Ke6 45. Ne7 Bxh2 46. a5 Bb8 47.
b6 g4 48. fxg4 hxg4 49. a6 Bd6 50. Bxd6 Kxd6 51. Nd5 Be6 52. Kb5 Bxd5 53. a7
Bb7 54. g3 f5 55. Kc4 Kc6 56. Kd4 Kxb6 57. Ke5 Kxa7 58. Kxf5 Bf3 59. Kf4 Kb6
60. Ke3 Kc5 61. Kf2 Kd4 62. Kg1 Ke3 63. Kh2 Bd1 64. Kg2 Ke2 65. Kg1 Kf3 66. Kh2
Ba4 67. Kg1 Kxg3 68. Kh1 Kf2 69. Kh2 g3+ 70. Kh1 Bc6# 0-1

[Event "ODJM C 2019"]
[Site "Willingen GER"]
[Date "2019.06.09"]
[Round "1"]
[White "Arnold, Rubina"]
[Black "Fahlbusch, Niclas"]
[Result "1-0"]
[Termination "normal"]
[Board "10"]
[WhiteElo "1329"]
[BlackElo "1057"]
[PlyCount "47"]
[WhiteFideId "16276272"]
[BlackFideId "16271548"]
[EventCountry "GER"]
[EventRounds "9"]
[EventType "swiss"]
[EventDate "2019.06.08"]

1. e4 c5 2. Nf3 Nc6 3. c3 e6 4. d4 cxd4 5. cxd4 Qc7 6. Nc3 Be7 7. Bc4 b6 8. O-O
Bb7 9. Be3 O-O-O 10. Qd2 Nb4 11. Bb3 d5 12. Rac1 Kb8 13. Nxd5 Qd7 14. Nxb4 Bxe4
15. Ng5 Bg6 16. Nc6+ Kb7 17. Nxd8+ Qxd8 18. Rc4 Nf6 19. Rfc1 Qb8 20. Rc7+ Ka6
21. Rxe7 Nd5 22. Bc4+ b5 23. Bxd5 exd5 24. Rc6+ 1-0

[Event "ODJM C 2019"]
[Site "Willingen GER"]
[Date "2019.06.09"]
[Round "1"]
[White "Bartelheimer, Erik"]
[Black "Zhang, Yibo"]
[Result "1-0"]
[Termination "normal"]
[Board "11"]
[WhiteElo "1053"]
[BlackElo "1302"]
[PlyCount "59"]
[WhiteFideId "16279352"]
[BlackFideId "16287657"]
[EventCountry "GER"]
[EventRounds "9"]
[EventType "swiss"]
[EventDate "2019.06.08"]

1. e4 e5 2. Nf3 Nc6 3. Nc3 Bc5 4. Bc4 d6 5. d3 Bg4 6. h3 Bh5 7. O-O Nd4 8. g4
Nxf3+ 9. Qxf3 Bg6 10. Be3 Bd4 11. Bxd4 exd4 12. Ne2 c5 13. Bb5+ Kf8 14. Qg3 a6
15. Bc4 b5 16. Bd5 Rb8 17. b4 h5 18. g5 h4 19. Qg4 Rh5 20. f4 Ne7 21. Kh2 f5
22. exf5 Nxf5 23. Rae1 cxb4 24. Qg1 Ne3 25. Nxd4 Qb6 26. Qxe3 Re8 27. Ne6+ Rxe6
28. Qxb6 Re8 29. Qxd6+ Re7 30. Qxe7# 1-0

[Event "ODJM C 2019"]
[Site "Willingen GER"]
[Date "2019.06.09"]
[Round "1"]
[White "Foos, Vanessa"]
[Black "Borriss, Emma"]
[Result "1-0"]
[Termination "normal"]
[Board "12"]
[WhiteElo "1207"]
[BlackElo "1052"]
[PlyCount "113"]
[WhiteFideId "16245270"]
[BlackFideId "16287517"]
[EventCountry "GER"]
[EventRounds "9"]
[EventType "swiss"]
[EventDate "2019.06.08"]

1. e4 e5 2. Nf3 Nc6 3. Bc4 Bc5 4. b4 Bxb4 5. c3 Bc5 6. O-O Nf6 7. d4 exd4 8.
cxd4 Bb6 9. Ba3 d6 10. e5 dxe5 11. dxe5 Ng4 12. Qxd8+ Kxd8 13. Nc3 Ncxe5 14.
Nxe5 Nxe5 15. Rad1+ Ke8 16. Rfe1 f6 17. Nd5 c6 18. Nxb6 axb6 19. Bd6 Bd7 20. f4
b5 21. Bb3 Kd8 22. fxe5 fxe5 23. Bxe5 Re8 24. Bxg7 Rxe1+ 25. Rxe1 Kc7 26. Re7
Re8 27. Rxe8 Bxe8 28. Kf2 Bg6 29. Kg3 Be4 30. Be6 Bd5 31. Bxd5 cxd5 32. Kf4 Kc6
33. Ke3 Kc5 34. Kd3 b4 35. Bf8+ Kb5 36. Kd4 Ka4 37. Kxd5 b3 38. axb3+ Kxb3 39.
Kc5 Ka4 40. Kb6 h5 41. h3 Kb3 42. g4 hxg4 43. hxg4 Kc4 44. g5 Kd5 45. g6 Ke6
46. g7 Kf7 47. Kxb7 Kg8 48. Kc7 Kf7 49. Kd7 Kg8 50. Ke7 Kh7 51. Kf7 Kh6 52.
g8=Q+ Kh5 53. Kf6 Kh4 54. Kf5 Kh3 55. Kf4 Kh2 56. Kf3 Kh1 57. Qg2# 1-0